Learning medical terminology : A worktext

A reliable tool for studying the language of medicine, LEARNING MEDICAL TERMINOLOGY provides a solid foundation for building a complete medical vocabulary. The first four chapters teach the word parts used to build medical terms and explain how to combine them. The remaining fourteen chapters presen...

ver descrição completa

Na minha lista:
Detalhes bibliográficos
Autor principal: Austrin, Miriam G.
Formato: Livro
Idioma:Undetermined
Publicado em: St. Louis Mosby 1999
Assuntos:
Tags: Adicionar Tag
Sem tags, seja o primeiro a adicionar uma tag!
Thư viện lưu trữ: Trung tâm Học liệu Trường Đại học Cần Thơ
LEADER 01184nam a2200229Ia 4500
001 CTU_126591
008 210402s9999 xx 000 0 und d
020 |c 41.95 
082 |a 610.14 
082 |b A938 
100 |a Austrin, Miriam G. 
245 0 |a Learning medical terminology : 
245 2 |b A worktext 
245 0 |c Miriam G. Austrin and Harvey R. Austrin 
260 |a St. Louis 
260 |b Mosby 
260 |c 1999 
520 |a A reliable tool for studying the language of medicine, LEARNING MEDICAL TERMINOLOGY provides a solid foundation for building a complete medical vocabulary. The first four chapters teach the word parts used to build medical terms and explain how to combine them. The remaining fourteen chapters present medical terminology as its relates to the various body systems. The related terms listings in the body systems chapters include anatomic terms, pathologic conditions, surgical procedures, and laboratory tests with pronunications and definitions. 
650 |a Medicine,Medicine 
650 |x Terminology,Terminology,Problems, exercises, etc. 
904 |i Giang, Huỳnh Mai 
980 |a Trung tâm Học liệu Trường Đại học Cần Thơ